Who was Sally Ride? / (Record no. 3253)

MARC details
000 -LEADER
fixed length control field 01971cam a22005177i 4500
001 - CONTROL NUMBER
control field 3253
003 - CONTROL NUMBER IDENTIFIER
control field FISKH
005 - DATE AND TIME OF LATEST TRANSACTION
control field 20240222093058.0
008 - FIXED-LENGTH DATA ELEMENTS--GENERAL INFORMATION
fixed length control field 130424t20132013nyuab j b 000 0beng d
010 ## - LIBRARY OF CONGRESS CONTROL NUMBER
LC control number 2013938724
020 ## - INTERNATIONAL STANDARD BOOK NUMBER
International Standard Book Number 9780448466880 (hbk.)
020 ## - INTERNATIONAL STANDARD BOOK NUMBER
International Standard Book Number 0448466880 (hbk.)
020 ## - INTERNATIONAL STANDARD BOOK NUMBER
International Standard Book Number 9780448466873 (pbk.)
020 ## - INTERNATIONAL STANDARD BOOK NUMBER
International Standard Book Number 0448466872 (pbk.)
035 ## - SYSTEM CONTROL NUMBER
System control number (OCoLC)ocn841809432
040 ## - CATALOGING SOURCE
Original cataloging agency PNX
Language of cataloging eng
Transcribing agency PNX
Description conventions rda
Modifying agency OCLCO
-- JAO
-- OCLCQ
-- OCLCO
-- BTCTA
-- BDX
-- DLC
042 ## - AUTHENTICATION CODE
Authentication code lccopycat
043 ## - GEOGRAPHIC AREA CODE
Geographic area code n-us---
050 00 - LIBRARY OF CONGRESS CALL NUMBER
Classification number TL789.85.R53
Item number S75 2013
082 04 - DEWEY DECIMAL CLASSIFICATION NUMBER
Classification number 629.450092
-- B
Edition number 23
100 1# - MAIN ENTRY--PERSONAL NAME
Personal name Stine, Megan.
245 10 - TITLE STATEMENT
Title Who was Sally Ride? /
Statement of responsibility, etc. by Megan Stine ; illustrated by Ted Hammond.
260 ## - PUBLICATION, DISTRIBUTION, ETC.
Place of publication, distribution, etc. New York :
Name of publisher, distributor, etc. Penguin,
Date of publication, distribution, etc. 2013
300 ## - PHYSICAL DESCRIPTION
Extent 103 pages :
Other physical details illustrations, map ;
Dimensions 20 cm
336 ## - CONTENT TYPE
Content type term text
Content type code txt
Source rdacontent
337 ## - MEDIA TYPE
Media type term unmediated
Media type code n
Source rdamedia
338 ## - CARRIER TYPE
Carrier type term volume
Carrier type code nc
Source rdacarrier
490 1# - SERIES STATEMENT
Series statement Who was--?
504 ## - BIBLIOGRAPHY, ETC. NOTE
Bibliography, etc. note Includes bibliographical references (page 105).
505 ## - FORMATTED CONTENTS NOTE
Formatted contents note T<br/>
520 ## - SUMMARY, ETC.
Summary, etc. Looks at the life and career of the physician and NASA astronaut who became the first American woman in space in 1983 --
Assigning source Source other than Library of Congress.
521 8# - TARGET AUDIENCE NOTE
Target audience note 800<br/>
Source Lexile<br/>
521 8# - TARGET AUDIENCE NOTE
Target audience note T<br/>
Source Raz-Plus<br/>
600 10 - SUBJECT ADDED ENTRY--PERSONAL NAME
Personal name Ride, Sally
Form subdivision Juvenile literature.
610 10 - SUBJECT ADDED ENTRY--CORPORATE NAME
Corporate name or jurisdiction name as entry element United States.
Subordinate unit National Aeronautics and Space Administration
Form subdivision Biography
-- Juvenile literature.
610 11 - SUBJECT ADDED ENTRY--CORPORATE NAME
Corporate name or jurisdiction name as entry element United States.
Subordinate unit National Aeronautics and Space Administration
Form subdivision Biography.
650 #0 - SUBJECT ADDED ENTRY--TOPICAL TERM
Topical term or geographic name entry element Women astronauts
Geographic subdivision United States
Form subdivision Biography
-- Juvenile literature.
650 #0 - SUBJECT ADDED ENTRY--TOPICAL TERM
Topical term or geographic name entry element Astronauts
Geographic subdivision United States
Form subdivision Biography
-- Juvenile literature.
650 #0 - SUBJECT ADDED ENTRY--TOPICAL TERM
Topical term or geographic name entry element Women physicists
Geographic subdivision United States
Form subdivision Biography
-- Juvenile literature.
650 #1 - SUBJECT ADDED ENTRY--TOPICAL TERM
Topical term or geographic name entry element Astronauts.
650 #1 - SUBJECT ADDED ENTRY--TOPICAL TERM
Topical term or geographic name entry element Physicists.
650 #1 - SUBJECT ADDED ENTRY--TOPICAL TERM
Topical term or geographic name entry element Women
Form subdivision Biography.
700 1# - ADDED ENTRY--PERSONAL NAME
Personal name Hammond, Ted,
Relator term illustrator.
906 ## - LOCAL DATA ELEMENT F, LDF (RLIN)
a 7
b cbc
c copycat
d 2
e ncip
f 20
g y-gencatlg
942 ## - ADDED ENTRY ELEMENTS (KOHA)
Source of classification or shelving scheme Dewey Decimal Classification
Koha item type Books
Suppress in OPAC No
Holdings
Withdrawn status Lost status Source of classification or shelving scheme Damaged status Not for loan Collection Home library Current library Shelving location Date acquired Total Checkouts Full call number Barcode Date last seen Date last checked out Price effective from Koha item type
    Dewey Decimal Classification     Non-Fiction Footprints International School Library Network Toul Kork Campus Footprints International School Library Network Toul Kork Campus A TK Campus, 4th Floor, Room B401, Non-Fiction Bookcases(7-8) 02/22/2024 1 STI 629.450092 TL789.R53 2024-0095 01/22/2025 01/22/2025 02/22/2024 Books